书目信息 |
| 题名: |
基于Proteus和汇编语言的单片机原理、应用与仿真
|
|
| 作者: | 赵林惠 , 赵双华 , 李一男 编著 | |
| 分册: | ||
| 出版信息: | 北京 科学出版社 2014 |
|
| 页数: | 360页 | |
| 开本: | 24cm | |
| 丛书名: | ||
| 单 册: | ||
| 中图分类: | TP368.1 | |
| 科图分类: | ||
| 主题词: | 单片微型计算机--系统设计--应用软件 , 单片微型计算机--系统仿真--应用软件 , 系统设计 , 应用软件 , 单片微型计算机 , 系统仿真 | |
| 电子资源: | ||
| ISBN: | 978-7-03-040074-1 | |
| 000 | 01192nam0 2200313 450 | |
| 001 | 142269 | |
| 005 | 20141220141339.01 | |
| 010 | @a978-7-03-040074-1@dCNY 59.00 | |
| 100 | @a20140514d2014 em y0chiy50 ea | |
| 101 | 0 | @achi |
| 102 | @aCN@b110000 | |
| 105 | @ay z 000yy | |
| 200 | 1 | @a基于Proteus和汇编语言的单片机原理、应用与仿真@9ji yu Proteus he hui bian yu yan de dan pian ji yuan li 、 ying yong yu fang zhen@b专著@f赵林惠,李一男,赵双华编著 |
| 210 | @a北京@c科学出版社@d2014 | |
| 215 | @a360页@d24cm | |
| 330 | @a本书围绕如何针对一个具体的项目需求设计单片机系统,着重介绍了51系列单片机的内部结构、工作原理、程序设计以及各种常用的接口技术,包括中断系统、定时器/计数器、8255I/O扩展、显示器和键盘接口、数模和模数转换技术等十章。 | |
| 606 | 0 | @a单片微型计算机@x系统设计@x应用软件 |
| 606 | 0 | @a单片微型计算机@x系统仿真@x应用软件 |
| 606 | 0 | @a系统设计 |
| 606 | 0 | @a应用软件 |
| 606 | 0 | @a单片微型计算机 |
| 606 | 0 | @a系统仿真 |
| 610 | 0 | @aProteus |
| 690 | @aTP368.1@v5 | |
| 701 | 0 | @a赵林惠@9zhao lin hui@c(女,@f1973 )@4编著 |
| 701 | 0 | @a赵双华@9zhao shuang hua@4编著 |
| 701 | 0 | @a李一男@9li yi nan@4编著 |
| 801 | 0 | @c20141220 |
| 905 | @a241430@dTP368.1@eZ3102 | |
| 基于Proteus和汇编语言的单片机原理、应用与仿真/赵林惠,李一男,赵双华编著.-北京:科学出版社,2014 |
| 360页;24cm |
| ISBN 978-7-03-040074-1:CNY 59.00 |
| 本书围绕如何针对一个具体的项目需求设计单片机系统,着重介绍了51系列单片机的内部结构、工作原理、程序设计以及各种常用的接口技术,包括中断系统、定时器/计数器、8255I/O扩展、显示器和键盘接口、数模和模数转换技术等十章。 |
| ● |
| 相关链接 |
|
|
|
正题名:基于Proteus和汇编语言的单片机原理、应用
索取号:TP368.1/Z3102
 
预约/预借
| 序号 | 登录号 | 条形码 | 馆藏地/架位号 | 状态 | 备注 |
| 1 | 1134424 | 211344240 | 自科二线400A/400A自科库 6排3列4层/ [索取号:TP368.1/Z3102] | 在馆 | |
| 2 | 1134425 | 211344259 | 自科库301/301自科库 63排5列2层/ [索取号:TP368.1/Z3102] | 在馆 | |
| 3 | 1134426 | 211344268 | 自科库301/301自科库 63排5列2层/ [索取号:TP368.1/Z3102] | 在馆 |